Black-Haired Cartoon Characters Quiz Stats

Quiz Updated Aug 23, 2016

Also try: Cartoon Blondes
Challenge
Share
Tweet
Score 0/20 Timer 05:00
1 Play Today
% Correct
Superman
96.6%
Snow White
96.3%
Fa Mulan
96%
Robin
95.4%
Fred Flintstone
93.8%
Aladdin
92.8%
Wonder Woman
92.6%
Lilo Pelekai
91.2%
Betty Boop
89%
Pocahontas
85.5%
% Correct
Olive Oyl
78%
Lucy van Pelt
73.3%
Fat Albert
70.4%
Violet Parr
63.9%
Buttercup
62.1%
Goku
44.3%
Penny Proud
34.5%
Agnes Gru
30.4%
Vanellope von Schweetz
29.5%
Denzel Crocker
26.9%

You're not logged in!

Compare scores with friends on all Sporcle quizzes.
Join for Free
OR
Log In

You Might Also Like...

Show Comments

Extras

Top Quizzes Today


Score Distribution

Your Account Isn't Verified!

In order to create a playlist on Sporcle, you need to verify the email address you used during registration. Go to your Sporcle Settings to finish the process.

Report this User

Report this user for behavior that violates our Community Guidelines.

Details: